000
00307nam a2200145Ia 4500
100
_a
Shur Michael
942
_c
BK
654
_a
Physics
245
_a
Physics of Semiconductor devices
260
_b
P.H.I.
_a
New Delhi
_c
1995
082
_a
530.41
_b
PAN
300
_a
646
546
_a
ENGLISH
999
_c
33425
_d
33425